Fundamentos de ingeniería geotécnica (Registro nro. 21533)
[ vista simple ]
| 000 -Cabecera | |
|---|---|
| Campo de control interno | 00504nam a22002177a 4500 |
| 005 - Fecha y hora del registro | |
| control field | 20260311114238.0 |
| 008 - Elementos de Longitud Fija | |
| fixed length control field | 260311b |||||||| |||| 00| 0 spa d |
| 041 ## - Idioma | |
| Codigo Idioma | ESP |
| 082 ## - DEWEY y NOTACIÓN INTERNA | |
| Dewey | 624.151 |
| Notación Interna | D27 |
| 100 ## - AUTOR | |
| Autor denominación | Das, Braja M. |
| 245 ## - TÍTULO DE MATERIAL BIBLIOGRÁFICO | |
| Título | Fundamentos de ingeniería geotécnica |
| 250 ## - EDICIÓN | |
| Edición | Cuarta Edicion |
| 260 ## - CIUDAD, EDITORIAL, AÑO | |
| Ciudad | : |
| Nombre de la Editorial | , |
| 300 ## - DESCRIPCIÓN | |
| N° Páginas | xix, 636 páginas : |
| Otros detalles | ; |
| Dimensiones | 21 cm. |
| 440 ## - MENCIÓN DE SERIE | |
| Título de la Serie | ; |
| 650 ## - TEMAS | |
| Temas | Ciencias Naturales |
| 654 ## - PROGRAMAS | |
| Programa | Dpto. de Ingeniería Ambiental |
| 700 ## - OTROS AUTORES | |
| Otros autores | ; |
| 942 ## - ELEMENTOS DE KOHA | |
| Tipo de documento | Libro |
| Nombre del creador | Justo Noguera |
| Código de catalogador | Justo Noguera |
| Esquema de clasificación | Dewey Decimal Classification |
| Codigo completo | Registro | Colección | Copia número | Disponibilidad | Tipo de préstamo | Biblioteca Actual | Procedencia (Biblioteca) | Ubicacón | Fecha Ingreso | Tipo de Adquisición | Date last seen | Total checkouts | Date last checked out | Price effective from | Tipo de Item | Estado del Material | Fuente de Clasificación | Damaged status | Withdrawn status |
|---|---|---|---|---|---|---|---|---|---|---|---|---|---|---|---|---|---|---|---|
| 624.151 D27 | 1046052 | Universidad Católica San Pablo | 1 | Disponible | Disponible | Víctor Andrés Belaunde | Víctor Andrés Belaunde | Segundo piso | 11/03/2026 | Compra | 16/04/2026 | 1 | 14/04/2026 | 11/03/2026 | Libro | Bueno | Dewey Decimal Classification | ||
| 624.151 D27 | 1054914 | Universidad Católica San Pablo | 2 | Disponible | Disponible | Víctor Andrés Belaunde | Víctor Andrés Belaunde | Segundo piso | 07/04/2026 | Compra | 17/04/2026 | 2 | 16/04/2026 | 07/04/2026 | Libro | Bueno | Dewey Decimal Classification |




